Hobbymarkety prichádzajú

Otváranie nových hobbymarketov na Slovensku - Hornbach, Bricolage. Štruktúra oddelení v hobymarketoch. Tovar pre amatérov aj profesionálov. Široká ponuka poskytovaných služieb. Sezónnosť v hobbymarketoch. Tri kategórie zákazníkov.

Guardado en:
Detalles Bibliográficos
Autor principal: Košťál, Daniel
Formato: Capítulo de libro
Lenguaje:eslovaco
Materias:
Etiquetas: Agregar Etiqueta
Sin Etiquetas, Sea el primero en etiquetar este registro!

MARC

LEADER 00000naa a2200000 4500
001 r044503
005 20231004094008.2
041 0 |a slo 
044 |a SK 
245 1 0 |a Hobbymarkety prichádzajú  |c Daniel Košťál 
520 |a Otváranie nových hobbymarketov na Slovensku - Hornbach, Bricolage. Štruktúra oddelení v hobymarketoch. Tovar pre amatérov aj profesionálov. Široká ponuka poskytovaných služieb. Sezónnosť v hobbymarketoch. Tri kategórie zákazníkov. 
610 2 0 |a obchod 
610 2 0 |a hobby 
610 2 0 |a zákazníci 
610 2 0 |a sezónnosť 
610 2 0 |a tovar 
610 2 0 |a Slovensko 
100 1 |a Košťál, Daniel